Loading...
| Fine Arts - Classical Music | 0 | 7 | 2 | 3 | 60 | 50 | 85.86 | 6 | 7 | 0.00 | 0.00 |
| Fine Arts - Other | 0 | 5 | 0 | 2 | 50 | 24 | 97.00 | 2 | 5 | 0.00 | 0.00 |
| History - American | 0 | 4 | 0 | 0 | 40 | 75 | 92.00 | 1 | 4 | 0.00 | 0.00 |
| Mythology | 0 | 4 | 1 | 0 | 35 | 88 | 107.00 | 3 | 4 | 0.00 | 0.00 |
| Fine Arts - Painting and Sculpture | 0 | 4 | 2 | 1 | 30 | 84 | 109.00 | 2 | 4 | 0.00 | 0.00 |
| Social Science | 0 | 2 | 0 | 0 | 20 | 88 | 92.00 | 1 | 2 | 0.00 | 0.00 |
| Philosophy | 0 | 1 | 0 | 0 | 10 | 115 | 115.00 | 0 | 1 | 0.00 | 0.00 |
| Religion | 0 | 1 | 0 | 0 | 10 | 113 | 113.00 | 1 | 1 | 0.00 | 0.00 |
| Science - Other | 0 | 1 | 1 | 1 | 5 | 119 | 119.00 | 0 | 1 | 0.00 | 0.00 |
| History - Other | 0 | 0 | 1 | 0 | -5 | 0.00 | 0 | 0 | 0.00 | 0.00 |